[Event "SPICE Cup Open 2017"]
[Site "Saint Louis USA"]
[Date "2017.10.21"]
[Round "1.21"]
[White "Voelker, James"]
[Black "Patel, Advait"]
[Result "0-1"]
[BlackTitle "IM"]
[WhiteElo "2098"]
[BlackElo "2448"]
[WhiteFideId "2018853"]
[BlackFideId "2075105"]
[EventDate "2017.10.21"]

1. e4 e5 2. Nf3 Nc6 3. Bc4 Bc5 4. b4 Bxb4 5. c3 Be7 6. d4 Na5 7. Bd3 d6 8. dxe5
dxe5 9. Nxe5 Nf6 10. O-O O-O 11. Qc2 c6 12. c4 Ng4 13. Nxg4 Bxg4 14. Be3 Bf6 15.
Nc3 b5 16. cxb5 cxb5 17. Bxb5 Rc8 18. Bd2 Rc5 19. Bd3 Qc7 20. Rac1 Rc8 21. e5
Bxe5 22. Qa4 Nc4 23. Nd5 Bxh2+ 24. Kh1 Qe5 25. Rce1 Rxd5 26. Rxe5 Nxe5 27. Bxh7+
Kh8 28. Kxh2 Rc4 29. Qxa7 Kxh7 30. Be3 Be2 31. Re1 Rh4+ 32. Kg3 Rg4+ 33. Kh3 Bb5
34. f3 Rg6 35. Rh1 Nc6 0-1

[Event "SPICE Cup Open 2017"]
[Site "Saint Louis USA"]
[Date "2017.10.21"]
[Round "1.22"]
[White "Barcenilla, Rogelio"]
[Black "Proleiko, Julian"]
[Result "1-0"]
[WhiteTitle "GM"]
[WhiteElo "2446"]
[BlackElo "2095"]
[WhiteFideId "5200059"]
[BlackFideId "30900255"]
[EventDate "2017.10.21"]

1. c4 c6 2. Nf3 d5 3. e3 Nf6 4. b3 Bf5 5. Bb2 e6 6. Be2 h6 7. O-O Bd6 8. d3 O-O
9. Nbd2 Bh7 10. a3 a5 11. d4 Nbd7 12. c5 Bc7 13. b4 Qe7 14. b5 e5 15. b6 Bb8 16.
a4 e4 17. Ne1 Ne8 18. g3 f5 19. Ng2 g5 20. f4 exf3 21. Bxf3 Ndf6 22. Bc3 Ng7 23.
Nb3 h5 24. Qe1 Ng4 25. Bxg4 hxg4 26. Nxa5 Ne8 27. Nb3 Nf6 28. Nd2 Bg6 29. a5 Ra6
30. Qf2 Rf7 31. Ne1 f4 32. exf4 gxf4 33. gxf4 Nh5 34. Ng2 Nxf4 35. Nxf4 Bxf4 36.
Rae1 Qg5 37. Re8+ Kg7 38. Qe2 Qh5 39. Rxf4 Rxf4 40. Rb8 Rf7 41. Qe5+ Qxe5 42.
dxe5 Re7 43. Nb3 Bd3 44. Nd4 Kg6 45. e6 Kg5 46. Rf8 Bg6 47. Bd2+ Kh5 48. Rh8+
Rh7 49. Rxh7+ Bxh7 50. Nxc6 Ra8 51. Ne5 d4 52. c6 Be4 53. c7 Kh4 54. Nd7 Rh8 55.
Bf4 Bf3 56. e7 Ra8 57. Nb8 Rxa5 58. c8=Q Ra1+ 59. Bc1 1-0

[Event "SPICE Cup Open 2017"]
[Site "Saint Louis USA"]
[Date "2017.10.21"]
[Round "1.23"]
[White "Polgar-Shutzman, Tom"]
[Black "Sturt, Raven"]
[Result "0-1"]
[WhiteElo "2055"]
[BlackElo "2446"]
[WhiteFideId "2064880"]
[BlackFideId "2007304"]
[EventDate "2017.10.21"]

1. e4 e5 2. Nf3 Nc6 3. Nc3 Nf6 4. d4 exd4 5. Nxd4 Bb4 6. Nxc6 bxc6 7. Bd3 d5 8.
exd5 cxd5 9. O-O O-O 10. h3 h6 11. Qf3 Re8 12. Bf4 c6 13. Rad1 Qe7 14. Ne2 Bd6
15. Nd4 c5 16. Bxd6 Qxd6 17. Nb5 Qb6 18. b3 Bd7 19. Nc3 Bc6 20. Qf4 Qa5 21. Qg3
d4 22. Ne2 Ne4 23. Qf4 Re6 24. Ng3 Rae8 25. Rde1 Nf6 26. Rxe6 Rxe6 27. Bc4 Bd5
28. Bxd5 Nxd5 29. Qb8+ Kh7 30. Qb7 Ne7 31. Qf3 f5 32. Qd3 Re5 33. a4 Qb6 34. Qc4
Qg6 35. Ne2 Nd5 36. c3 Qe6 37. Nc1 Nxc3 38. Nd3 Qxc4 39. bxc4 Re6 40. a5 Ne4 41.
Rb1 Nd2 42. Rd1 Nxc4 43. Nxc5 Rd6 44. a6 Nb2 45. Rd2 d3 46. Kf1 Rd5 47. Ne6 g5
48. f4 Nc4 49. Ke1 Nxd2 50. Kxd2 Rd6 51. Nc5 gxf4 52. Nxd3 f3 53. gxf3 Rxa6 54.
Ke3 Ra3 55. Kd4 Rxd3+ 56. Kxd3 Kg6 57. Kd4 f4 58. Ke4 a5 0-1

[Event "SPICE Cup Open 2017"]
[Site "Saint Louis USA"]
[Date "2017.10.21"]
[Round "1.25"]
[White "Gosdin, Kaleb"]
[Black "Jacobson, Brandon"]
[Result "1/2-1/2"]
[BlackTitle "FM"]
[WhiteElo "2011"]
[BlackElo "2396"]
[WhiteFideId "30920442"]
[BlackFideId "30901561"]
[EventDate "2017.10.21"]

1. d4 d5 2. c4 Nc6 3. Nf3 Bg4 4. cxd5 Bxf3 5. gxf3 Qxd5 6. e3 e5 7. Nc3 Bb4 8.
Bd2 Bxc3 9. bxc3 Qd6 10. Rb1 b6 11. Bg2 Nge7 12. f4 exf4 13. e4 Rd8 14. O-O O-O
15. e5 Qg6 16. Bxf4 Nd5 17. Qc1 Na5 18. Bg5 Nxc3 19. Qxc3 Qxg5 20. f4 Qg4 21.
Rbd1 c6 22. Kh1 Qf5 23. Bh3 Qh5 24. Bg2 Qe2 25. f5 Qc4 26. Qe3 f6 27. e6 Rfe8
28. d5 Rd6 29. dxc6 1/2-1/2

[Event "SPICE Cup Open 2017"]
[Site "Saint Louis USA"]
[Date "2017.10.21"]
[Round "1.26"]
[White "Kavutskiy, Konstantin"]
[Black "Mercado, Luisa Fernanda"]
[Result "1-0"]
[WhiteTitle "IM"]
[BlackTitle "WFM"]
[WhiteElo "2390"]
[BlackElo "1944"]
[WhiteFideId "2026384"]
[BlackFideId "4400984"]
[EventDate "2017.10.21"]

1. d4 d5 2. c4 c6 3. Nf3 Nf6 4. e3 Bf5 5. Nc3 dxc4 6. Bxc4 e6 7. O-O Be7 8. Qe2
O-O 9. e4 Bg4 10. Be3 Nbd7 11. Rfd1 b5 12. Bd3 b4 13. Na4 Qa5 14. b3 c5 15. dxc5
Nxc5 16. Bxc5 Bxc5 17. e5 Bxf3 18. Qxf3 Nd5 19. Be4 Rfd8 20. Rd3 Rac8 21. Qh3 g6
22. Bxd5 exd5 23. e6 fxe6 24. Qxe6+ Kg7 25. Rad1 Qc7 26. Nxc5 Qxc5 27. Qe5+ Kg8
28. g3 d4 29. Qe6+ Kg7 30. Qe4 Qc6 31. Qe7+ Kg8 32. Qxb4 Qa6 33. Rxd4 Rxd4 34.
Qxd4 1-0

[Event "SPICE Cup Open 2017"]
[Site "Saint Louis USA"]
[Date "2017.10.21"]
[Round "1.28"]
[White "Rahul, Srivatshav P"]
[Black "Shoykhet, Benjamin"]
[Result "1-0"]
[WhiteElo "2373"]
[BlackElo "1819"]
[WhiteFideId "25059653"]
[BlackFideId "30919746"]
[EventDate "2017.10.21"]

1. d4 d5 2. Bf4 Nf6 3. e3 Bf5 4. c4 dxc4 5. Bxc4 e6 6. Qb3 Nbd7 7. Nc3 Nb6 8.
Be2 c6 9. Nf3 Bd6 10. Ne5 O-O 11. O-O h6 12. Rfd1 Qe7 13. Bf3 Nbd5 14. Bg3 Nxc3
15. bxc3 Ne4 16. Nc4 Bxg3 17. hxg3 Rfd8 18. a4 Ng5 19. a5 Nxf3+ 20. gxf3 Rab8
21. e4 Bg6 22. a6 Bh5 23. Kg2 Qf6 24. Ne5 bxa6 25. Qc4 c5 26. g4 cxd4 27. Nc6
Rbc8 28. gxh5 e5 29. Rxa6 Rc7 30. cxd4 Rd6 31. d5 Qg5+ 32. Kf1 Rf6 33. Ke2 Qxh5
34. Qd3 Rb7 35. Ra2 Rd7 36. Rxa7 Rdd6 37. Ne7+ Kh7 38. Nf5 Rb6 39. d6 g6 40. d7
gxf5 41. d8=Q fxe4 42. Qxe4+ 1-0

[Event "SPICE Cup Open 2017"]
[Site "Saint Louis USA"]
[Date "2017.10.22"]
[Round "2.1"]
[White "Bruzon Batista, Lazaro"]
[Black "Kannappan, Priyadharshan"]
[Result "1-0"]
[WhiteTitle "GM"]
[BlackTitle "GM"]
[WhiteElo "2660"]
[BlackElo "2516"]
[WhiteFideId "3503739"]
[BlackFideId "5018293"]
[EventDate "2017.10.21"]

1. e4 e5 2. Nf3 Nc6 3. Bb5 Nf6 4. d3 Bc5 5. Nc3 d6 6. Na4 Bb6 7. c3 O-O 8. Nxb6
axb6 9. O-O Ne7 10. Ba4 Ng6 11. Bc2 d5 12. h3 dxe4 13. dxe4 Qxd1 14. Rxd1 Bd7
15. Nh2 Rfd8 16. f3 Be6 17. Rxd8+ Rxd8 18. Nf1 Nd7 19. Be3 Kf8 20. a4 Ra8 21.
Ra3 Ne7 22. Nd2 Nc8 23. Bd3 Nd6 24. Kf2 h5 25. Be2 f6 26. h4 g6 27. g3 Ke7 28.
b4 f5 29. exf5 Bxf5 30. g4 hxg4 31. fxg4 Bc2 32. a5 bxa5 33. bxa5 Nf6 34. c4
Nfe4+ 35. Ke1 Nxd2 36. Kxd2 Be4 37. c5 Nf7 38. Kc3 Rh8 39. h5 gxh5 40. gxh5 Rg8
41. Ra4 Bd5 42. Rh4 Rg3 43. Kd2 Kf8 44. h6 Kg8 45. Bc4 Rg2+ 46. Kd3 c6 47. Bxd5
cxd5 48. Rb4 Nd8 49. a6 Nc6 50. Rxb7 e4+ 51. Kc3 Rg3 52. Kd2 d4 53. Bf4 Rg2+ 54.
Ke1 1-0

[Event "SPICE Cup Open 2017"]
[Site "Saint Louis USA"]
[Date "2017.10.22"]
[Round "2.2"]
[White "Liang, Awonder"]
[Black "Cori, Jorge"]
[Result "1/2-1/2"]
[WhiteTitle "GM"]
[BlackTitle "GM"]
[WhiteElo "2554"]
[BlackElo "2657"]
[WhiteFideId "2056437"]
[BlackFideId "3802272"]
[EventDate "2017.10.21"]

1. e4 c5 2. Nf3 e6 3. d4 cxd4 4. Nxd4 Nc6 5. Nc3 Qc7 6. Be2 a6 7. O-O Nf6 8. Be3
Bb4 9. Na4 Be7 10. Nxc6 bxc6 11. Nb6 Rb8 12. Nxc8 Qxc8 13. Bd4 c5 14. Be5 Rb6
15. Bf3 O-O 16. a4 d6 17. Bc3 Nd7 18. a5 Rc6 19. Qd2 c4 20. Rfd1 Qc7 21. Ra4 Rb8
22. Be2 h6 23. Bf1 Bf6 24. Qe3 Rc8 25. Bd4 d5 26. exd5 exd5 27. b4 Re6 28. Qd2
Bg5 29. Qc3 Nf6 30. Raa1 Ne4 31. Qf3 Qb7 32. g3 Bf6 33. Qa3 c3 34. Bh3 Rc4 35.
Bxe6 Bxd4 36. Rxd4 Rxd4 37. Bf5 Nd6 38. Bh3 Nb5 39. Qc1 Rd2 40. Qe1 Nd4 41. Qe8+
Kh7 42. Bd7 Nf3+ 43. Kg2 Ng5 44. Re1 Qxb4 45. Re7 Qd4 46. Bf5+ g6 47. Rxf7+ Nxf7
48. Qxf7+ Qg7 49. Bxg6+ Kh8 50. Qe8+ Qg8 51. Qe5+ Qg7 52. Qe8+ Qg8 53. Qc6 d4
54. Bf5 Qg5 55. Qe8+ Kg7 56. Qd7+ Kf8 57. h4 Qf6 58. Qc8+ Kg7 59. Qc7+ Qf7 60.
Qe5+ Qf6 61. Qc7+ Kf8 62. Qc8+ Kf7 63. Qd7+ Kf8 64. Qc8+ Kg7 65. Qc7+ Kf8 66.
Qc8+ Kg7 67. Qc7+ 1/2-1/2

[Event "SPICE Cup Open 2017"]
[Site "Saint Louis USA"]
[Date "2017.10.22"]
[Round "2.3"]
[White "Leon Hoyos, Manuel"]
[Black "Shimanov, Aleksandr"]
[Result "1-0"]
[WhiteTitle "GM"]
[BlackTitle "GM"]
[WhiteElo "2490"]
[BlackElo "2640"]
[WhiteFideId "5105269"]
[BlackFideId "4198603"]
[EventDate "2017.10.21"]

1. e4 Nf6 2. e5 Nd5 3. d4 d6 4. Nf3 dxe5 5. Nxe5 c6 6. Be2 Bf5 7. O-O Nd7 8. Nf3
e6 9. c4 N5f6 10. Nh4 Bg6 11. Nd2 Bd6 12. Nxg6 hxg6 13. Nf3 Ng4 14. h3 Ngf6 15.
b3 Qc7 16. Be3 O-O 17. Qc1 c5 18. Rd1 Rfe8 19. Rb1 b6 20. dxc5 bxc5 21. Qd2 Bf8
22. Bf4 e5 23. Bh2 Qb7 24. Qe3 e4 25. Ng5 Ne5 26. Bxe5 Rxe5 27. Rd2 Be7 28. f4
Rf5 29. g4 Rxg5 30. fxg5 Nh7 31. h4 Re8 32. Bf1 Qb8 33. Bg2 Bd6 34. Rf1 Bh2+ 35.
Kh1 Qg3 36. Qxg3 Bxg3 37. Re2 Bxh4 38. Rxe4 Rxe4 39. Bxe4 Nxg5 40. Bd5 Bg3 41.
Kg2 Bd6 42. Rh1 Bc7 43. Kf2 Bd6 44. Ke3 Be5 45. Kd3 Bc7 46. Kc2 Kf8 47. Rh8+ Ke7
48. Kd3 f5 49. Rc8 Bd8 50. Rxc5 Nh3 51. Rc6 fxg4 52. Ke3 g5 53. c5 Nf4 54. Be4
Ba5 55. Kf2 Ne6 56. Kg3 Bb4 57. Kxg4 Nxc5 58. Bf5 a5 59. Kxg5 a4 60. bxa4 Nxa4
61. Rc4 Bd2+ 62. Kg6 Nb6 63. Re4+ Kf8 64. Be6 Bc3 65. Bf7 1-0

[Event "SPICE Cup Open 2017"]
[Site "Saint Louis USA"]
[Date "2017.10.22"]
[Round "2.4"]
[White "Yermolinsky, Alex"]
[Black "Durarbayli, Vasif"]
[Result "0-1"]
[WhiteTitle "GM"]
[BlackTitle "GM"]
[WhiteElo "2490"]
[BlackElo "2630"]
[WhiteFideId "2005492"]
[BlackFideId "13402935"]
[EventDate "2017.10.21"]

1. Nf3 d5 2. d4 Nf6 3. c4 c6 4. Nc3 e6 5. Bg5 h6 6. Bxf6 Qxf6 7. Qb3 a5 8. e3
Nd7 9. cxd5 exd5 10. Bd3 Be7 11. O-O O-O 12. Rad1 Rd8 13. Bb1 Nf8 14. Ne5 b5 15.
e4 b4 16. Na4 Ba6 17. Rfe1 Rac8 18. Qg3 h5 19. Re3 dxe4 20. Rxe4 c5 21. Rde1
Rxd4 22. Rxd4 cxd4 23. Bd3 h4 24. Ng4 Qe6 0-1

[Event "SPICE Cup Open 2017"]
[Site "Saint Louis USA"]
[Date "2017.10.22"]
[Round "2.5"]
[White "Quesada Perez, Yuniesky"]
[Black "Quintiliano Pinto, Renato R."]
[Result "1-0"]
[WhiteTitle "GM"]
[BlackTitle "IM"]
[WhiteElo "2619"]
[BlackElo "2451"]
[WhiteFideId "3504409"]
[BlackFideId "2117568"]
[EventDate "2017.10.21"]

1. e4 c5 2. Nf3 d6 3. d4 cxd4 4. Nxd4 Nf6 5. Nc3 a6 6. h3 e6 7. g4 Nfd7 8. Be3
b5 9. a3 Bb7 10. h4 Be7 11. g5 Nc6 12. Rg1 Rc8 13. f4 Nxd4 14. Qxd4 e5 15. Qd2
exf4 16. Bd4 O-O 17. Bh3 Rc4 18. O-O-O Ne5 19. Qxf4 Qc7 20. Bf1 Rxd4 21. Rxd4
Qc5 22. Ne2 f6 23. g6 Nxg6 24. Qg4 Bc8 25. Qg3 Qh5 26. Rh1 f5 27. exf5 Bxf5 28.
Qb3+ Kh8 29. Ng3 Qh6+ 30. Kb1 Bd7 31. Bh3 Bxh3 32. Rxh3 Ne5 33. Qd5 Qe3 34. Rd1
g6 35. Qe6 Nc4 36. Ne4 Qe2 37. Rhh1 Rf2 38. Qc8+ Rf8 39. Qb7 Rf7 40. Rde1 Qg2
41. Rhg1 Qf3 42. Rgf1 1-0

[Event "SPICE Cup Open 2017"]
[Site "Saint Louis USA"]
[Date "2017.10.22"]
[Round "2.6"]
[White "Chandra, Akshat"]
[Black "Sevian, Samuel"]
[Result "0-1"]
[WhiteTitle "GM"]
[BlackTitle "GM"]
[WhiteElo "2483"]
[BlackElo "2615"]
[WhiteFideId "25006711"]
[BlackFideId "2040506"]
[EventDate "2017.10.21"]

1. d4 Nf6 2. c4 e6 3. Nc3 Bb4 4. Nf3 b6 5. e3 Bb7 6. Bd3 O-O 7. O-O c5 8. Na4
cxd4 9. exd4 Re8 10. a3 Bf8 11. b4 a5 12. c5 axb4 13. axb4 bxc5 14. dxc5 d6 15.
Bb2 dxc5 16. Nxc5 Rxa1 17. Bxa1 Bxc5 18. bxc5 Qe7 19. Bb5 Rc8 20. Qd6 Qxd6 21.
cxd6 Rd8 22. Rd1 Nd5 23. Rb1 Bc6 24. Ne5 Bxb5 25. Rxb5 f6 26. Nd3 Nc6 27. Nc5
Rxd6 28. g3 Nde7 29. Rb1 Kf7 30. Kg2 Rd5 31. Ne4 Rd7 32. Bc3 Nd5 33. Be1 Ne5 34.
Rc1 Nd3 35. Rb1 h5 36. h4 Kg6 37. Bd2 Re7 38. Rb3 Ne5 39. Nc3 Rd7 40. Na4 Nc4
41. Be1 Re7 42. Rb5 Nd6 43. Rc5 Ra7 44. Nc3 Nxc3 45. Rxc3 e5 46. Rd3 Nf5 47. f3
Ra2+ 48. Rd2 Ne3+ 49. Kf2 Ra3 50. Ke2 Nf5 0-1

[Event "SPICE Cup Open 2017"]
[Site "Saint Louis USA"]
[Date "2017.10.22"]
[Round "2.7"]
[White "Prohaszka, Peter2"]
[Black "Barcenilla, Rogelio"]
[Result "1-0"]
[WhiteTitle "GM"]
[BlackTitle "GM"]
[WhiteElo "2614"]
[BlackElo "2446"]
[WhiteFideId "726265"]
[BlackFideId "5200059"]
[EventDate "2017.10.21"]

1. d4 Nf6 2. c4 g6 3. g3 Bg7 4. Bg2 O-O 5. Nc3 d6 6. Nf3 Nc6 7. O-O Bf5 8. b3 a6
9. Bb2 Rb8 10. Rc1 Na5 11. Qd2 b6 12. Nh4 Bd7 13. Nd5 Ne8 14. b4 Nb7 15. e4 c6
16. Ne3 a5 17. a3 axb4 18. axb4 Ra8 19. Ra1 Nc7 20. Rxa8 Qxa8 21. Ra1 Qb8 22.
Nf3 Rd8 23. Qe2 Rc8 24. h4 Nd8 25. h5 Qb7 26. d5 Ra8 27. Bxg7 Kxg7 28. Qb2+ f6
29. Rxa8 Nxa8 30. e5 dxe5 31. Nxe5 Be8 32. dxc6 Qc7 33. h6+ 1-0

[Event "SPICE Cup Open 2017"]
[Site "Saint Louis USA"]
[Date "2017.10.22"]
[Round "2.8"]
[White "Patel, Advait"]
[Black "Cordova, Emilio"]
[Result "1-0"]
[WhiteTitle "IM"]
[BlackTitle "GM"]
[WhiteElo "2448"]
[BlackElo "2608"]
[WhiteFideId "2075105"]
[BlackFideId "3801497"]
[EventDate "2017.10.21"]

1. e4 c5 2. Nf3 a6 3. c3 e6 4. d4 d5 5. e5 Nc6 6. Bd3 cxd4 7. cxd4 Nge7 8. Nc3
h6 9. O-O Bd7 10. h4 Rc8 11. Bf4 Na5 12. Qe2 Nec6 13. Rad1 Be7 14. h5 Qb6 15.
Bb1 Nc4 16. Bc1 Bf8 17. g3 Qa7 18. Kg2 b5 19. a3 N6a5 20. Rd3 Qb6 21. Bc2 b4 22.
axb4 Qxb4 23. Nh4 Nc6 24. Ba4 Be7 25. b3 N4a5 26. Bd2 Qb7 27. Qg4 Rg8 28. f4
Bxh4 29. Qxh4 Ne7 30. g4 Bxa4 31. bxa4 Nc4 32. Be1 g6 33. Kh1 Qb3 34. Qxe7+ Kxe7
35. Nxd5+ exd5 36. Rxb3 Rb8 37. Bh4+ Kd7 38. Rxb8 Rxb8 39. hxg6 fxg6 40. f5 g5
41. e6+ Ke7 42. Bg3 Rb7 43. Re1 Nd2 44. Be5 Nf3 45. Rc1 h5 46. Rc6 Rb1+ 47. Kg2
Ne1+ 48. Kf2 Nd3+ 49. Ke3 Nxe5 50. dxe5 Re1+ 51. Kd4 Rd1+ 52. Kc5 Rc1+ 53. Kxd5
Rd1+ 54. Kc5 Rc1+ 55. Kb6 Rxc6+ 56. Kxc6 hxg4 57. Kd5 g3 58. f6+ Ke8 59. e7 1-0

[Event "SPICE Cup Open 2017"]
[Site "Saint Louis USA"]
[Date "2017.10.22"]
[Round "2.9"]
[White "Nyzhnyk, Illya"]
[Black "Kaliksteyn, Alexander"]
[Result "1/2-1/2"]
[WhiteTitle "GM"]
[BlackTitle "FM"]
[WhiteElo "2594"]
[BlackElo "2425"]
[WhiteFideId "14118084"]
[BlackFideId "2007630"]
[EventDate "2017.10.21"]

1. c4 Nf6 2. Nc3 g6 3. g3 Bg7 4. Bg2 O-O 5. d4 d6 6. Nf3 Nc6 7. O-O a6 8. b3 Rb8
9. Bb2 b5 10. cxb5 axb5 11. Rc1 b4 12. Na4 Bd7 13. Qc2 Na5 14. e4 Bxa4 15. bxa4
Nd7 16. e5 e6 17. Qxc7 d5 18. Nd2 Nb6 19. Qxd8 Rfxd8 20. Rc2 Nxa4 21. Ba1 Bf8
22. Rb1 Rdc8 23. Rbc1 Rxc2 24. Rxc2 b3 25. axb3 Nxb3 26. Nxb3 Rxb3 27. Ra2 Ba3
28. Bf1 Nc3 29. Rc2 Ne4 30. Kg2 Bb4 31. Rb2 Rxb2 1/2-1/2

[Event "SPICE Cup Open 2017"]
[Site "Saint Louis USA"]
[Date "2017.10.22"]
[Round "2.10"]
[White "Sturt, Raven"]
[Black "Rambaldi, Francesco"]
[Result "0-1"]
[BlackTitle "GM"]
[WhiteElo "2446"]
[BlackElo "2574"]
[WhiteFideId "2007304"]
[BlackFideId "20657307"]
[EventDate "2017.10.21"]

1. d4 Nf6 2. c4 e6 3. Nf3 d5 4. g3 Bb4+ 5. Bd2 Be7 6. Bg2 O-O 7. O-O Nbd7 8. Qc2
c6 9. Rd1 b6 10. Bf4 Bb7 11. Nbd2 Nh5 12. Be3 Bd6 13. Ne1 Nhf6 14. Nd3 Qe7 15.
Bf4 Rac8 16. Bxd6 Qxd6 17. e4 dxe4 18. Nxe4 Nxe4 19. Bxe4 Nf6 20. Ne5 Qc7 21.
Bg2 c5 22. Qe2 Bxg2 23. Kxg2 Nd7 24. Nxd7 Qxd7 25. d5 Rfe8 26. dxe6 Qc6+ 27. Qf3
Qxe6 28. Rd5 Rcd8 29. Rad1 Rxd5 30. Rxd5 g6 31. b3 Qe7 32. a3 Rd8 33. Qd3 Rxd5
34. cxd5 Qd6 35. Qe4 Kf8 36. f4 f5 37. Qd3 Ke7 38. Kh3 Kd8 39. a4 Kc7 40. Qc4
Qd7 41. a5 Kd6 42. axb6 axb6 43. Qa6 Kxd5 44. Qxb6 Qe7 45. Qb5 Kd4 46. Qc4+ Ke3
47. Qc3+ Kf2 48. Qc2+ Kf3 49. Qd3+ Qe3 50. Qf1+ Ke4 51. Qc4+ Qd4 52. Qe2+ Qe3
53. Qc4+ Kf3 54. Qf1+ Ke4 55. Qc4+ Qd4 56. Qe2+ Qe3 57. Qc2+ Qd3 58. Qxc5 Qxb3
59. Kh4 Qf3 60. Qe7+ Kd3 61. Kh3 Qf1+ 62. Kh4 Qf3 63. Qa3+ Ke2 64. Qb2+ Kf1 65.
Kg5 Kg1 66. Kf6 Qg2 67. Qc3 Kxh2 68. Kg7 Qxg3 69. Qd2+ Qg2 70. Qe1 h5 71. Qh4+
Kg1 72. Qe1+ Kh2 73. Qh4+ Qh3 74. Qf2+ Kh1 75. Kxg6 Qg2+ 76. Qxg2+ Kxg2 77. Kxf5
h4 78. Kg6 h3 79. f5 h2 80. f6 h1=Q 81. Kg7 Qa1 82. Kg6 Kg3 0-1

[Event "SPICE Cup Open 2017"]
[Site "Saint Louis USA"]
[Date "2017.10.22"]
[Round "2.11"]
[White "Li, Ruifeng"]
[Black "Kavutskiy, Konstantin"]
[Result "1-0"]
[WhiteTitle "GM"]
[BlackTitle "IM"]
[WhiteElo "2564"]
[BlackElo "2390"]
[WhiteFideId "2061074"]
[BlackFideId "2026384"]
[EventDate "2017.10.21"]

1. e4 e5 2. Nf3 Nc6 3. Bb5 a6 4. Ba4 Nf6 5. O-O b5 6. Bb3 Bb7 7. d3 Be7 8. Nc3
d6 9. a3 O-O 10. Re1 h6 11. h3 Re8 12. Be3 Bf8 13. Qd2 Na5 14. Ba2 c5 15. Nd5
Nc6 16. c3 Rb8 17. Rad1 Nxd5 18. Bxd5 Ne7 19. Bxb7 Rxb7 20. d4 exd4 21. cxd4 Nc6
22. dxc5 dxc5 23. Qc3 Qe7 24. Rd5 c4 25. Bc5 Qe6 26. Bxf8 Kxf8 27. Qd2 Qe7 28.
Rd1 Kg8 29. e5 Rc7 30. Qe3 Rb7 31. Qe4 Rc7 32. Nh4 Qg5 33. Rc5 Re6 34. Rd6 Rxe5
35. Rxe5 Nxe5 36. Nf5 Ng6 37. g3 Nf8 38. f4 Qh5 39. Qe5 1-0

[Event "SPICE Cup Open 2017"]
[Site "Saint Louis USA"]
[Date "2017.10.22"]
[Round "2.13"]
[White "Robson, Ray"]
[Black "Rahul, Srivatshav P"]
[Result "1-0"]
[WhiteTitle "GM"]
[WhiteElo "2644"]
[BlackElo "2373"]
[WhiteFideId "2023970"]
[BlackFideId "25059653"]
[EventDate "2017.10.21"]

1. e4 c5 2. Nf3 e6 3. d4 cxd4 4. Nxd4 Nc6 5. Nc3 Qc7 6. Be3 a6 7. Be2 b5 8. Nxc6
Qxc6 9. Qd4 Bb7 10. a3 Be7 11. O-O-O Rc8 12. Rd2 f6 13. Rhd1 Rd8 14. g4 Nh6 15.
g5 Nf7 16. h4 h5 17. f4 Nd6 18. gxf6 gxf6 19. Bd3 Nf7 20. Bf2 Qc7 21. Ne2 Rc8
22. Qe3 b4 23. axb4 Bxb4 24. c3 Be7 25. e5 Nh6 26. Bg6+ Kf8 27. Rxd7 1-0

[Event "SPICE Cup Open 2017"]
[Site "Saint Louis USA"]
[Date "2017.10.22"]
[Round "2.14"]
[White "Swiercz, Dariusz"]
[Black "Heimann, Mark"]
[Result "1-0"]
[WhiteTitle "GM"]
[BlackTitle "FM"]
[WhiteElo "2639"]
[BlackElo "2363"]
[WhiteFideId "1126881"]
[BlackFideId "2028441"]
[EventDate "2017.10.21"]

1. d4 Nf6 2. Nf3 e6 3. c4 Bb4+ 4. Bd2 Bxd2+ 5. Qxd2 O-O 6. g3 d5 7. Bg2 Nbd7 8.
O-O c6 9. Ne5 Nxe5 10. dxe5 Nd7 11. f4 Qe7 12. cxd5 exd5 13. Nc3 f6 14. e6 Qxe6
15. Nxd5 Qd6 16. Qb4 Qxb4 17. Nxb4 Re8 18. Bf3 Nc5 19. Rac1 Ne4 20. Rfd1 a5 21.
Nc2 Bf5 22. Ne3 Bg6 23. Rd7 Nd2 24. Rxd2 Rxe3 25. Rd7 Rb8 26. Kf2 Re6 27. Rc5
Be8 28. Rc7 b6 29. Rc3 Rd8 30. Bxc6 Kf8 31. Bxe8 Rdxe8 32. e3 f5 33. Ke2 Rh6 34.
h4 Rg6 35. Kf3 h5 36. Rb7 Kg8 37. Rb3 Ree6 38. Rb5 Rgf6 39. Rd5 Re8 40. Rdd7 Rg6
41. b3 Rc8 42. Rd5 Rf6 43. Re7 Kh7 44. Ree5 Kg6 45. Rd7 Kh6 46. Ree7 Rg6 47. Rf7
Rc5 48. Rde7 Rc1 49. Re8 Rg4 50. Rxf5 Rg1 51. Rxh5+ 1-0

[Event "SPICE Cup Open 2017"]
[Site "Saint Louis USA"]
[Date "2017.10.22"]
[Round "2.15"]
[White "Jacobson, Brandon"]
[Black "Santarius, Erik"]
[Result "1-0"]
[WhiteTitle "FM"]
[BlackTitle "FM"]
[WhiteElo "2396"]
[BlackElo "2318"]
[WhiteFideId "30901561"]
[BlackFideId "2025817"]
[EventDate "2017.10.21"]

1. d4 d5 2. Nf3 e6 3. e3 Nf6 4. Nbd2 c5 5. b3 cxd4 6. exd4 Qa5 7. Bb2 Ba3 8.
Bxa3 Qxa3 9. c3 O-O 10. Qc1 Qxc1+ 11. Rxc1 b6 12. a4 Ba6 13. Bb5 Rc8 14. O-O Bb7
15. Ne5 Na6 16. c4 Rc7 17. c5 bxc5 18. dxc5 Nxc5 19. b4 Na6 20. Bxa6 Rxc1 21.
Rxc1 Bxa6 22. b5 Bb7 23. Rc7 Rb8 24. Nb3 Ne8 25. Rxf7 Nd6 26. Rd7 Nc4 27. f4 Nb6
28. Rc7 Nxa4 29. Na5 Ba8 30. Rxa7 d4 31. Nac6 d3 32. Nxb8 d2 33. Rd7 1-0

[Event "SPICE Cup Open 2017"]
[Site "Saint Louis USA"]
[Date "2017.10.22"]
[Round "2.16"]
[White "Grabinsky, Aaron"]
[Black "Gosdin, Kaleb"]
[Result "1-0"]
[WhiteElo "2366"]
[BlackElo "2011"]
[WhiteFideId "2087090"]
[BlackFideId "30920442"]
[EventDate "2017.10.21"]

1. b3 f5 2. Bb2 e6 3. g3 Nf6 4. c4 d5 5. Bg2 Bd6 6. Nf3 Qe7 7. Qc2 O-O 8. O-O c6
9. d4 b6 10. Nbd2 Bb7 11. Ne5 Nbd7 12. Rac1 c5 13. cxd5 exd5 14. Ndc4 Bxe5 15.
Nxe5 Nxe5 16. dxe5 Ng4 17. b4 c4 18. Qc3 Rfe8 19. Rfd1 Rad8 20. f4 b5 21. Rd4
Qe6 22. Rcd1 Rd7 23. h3 Nh6 24. Kh2 a6 25. Qd2 Red8 26. Bc3 Kh8 27. Bf3 Bc6 28.
e3 Ng8 29. Qg2 Ne7 30. g4 g6 31. Be1 g5 32. Bc3 Rg8 33. Rg1 h6 34. Qf2 Kh7 35.
Rd2 Rdd8 36. Bd4 Ng6 37. Bd1 Rdf8 38. Bc2 Nh4 39. Qg3 Kh8 40. Rf2 Bd7 41. Rgf1
fxg4 42. f5 1-0

[Event "SPICE Cup Open 2017"]
[Site "Saint Louis USA"]
[Date "2017.10.22"]
[Round "2.17"]
[White "Rosenthal, Nicholas"]
[Black "Williams, Justus"]
[Result "0-1"]
[BlackTitle "FM"]
[WhiteElo "2164"]
[BlackElo "2371"]
[WhiteFideId "2045150"]
[BlackFideId "2049929"]
[EventDate "2017.10.21"]

1. e4 c5 2. Nf3 e6 3. d3 Nc6 4. g3 g6 5. Bg2 Bg7 6. O-O Nge7 7. c3 e5 8. Be3 d6
9. d4 exd4 10. cxd4 Bg4 11. dxc5 Bxf3 12. Bxf3 Bxb2 13. Nd2 dxc5 14. Rb1 Bd4 15.
Bxd4 Qxd4 16. Rxb7 Rd8 17. Nb3 Qf6 18. Qe2 c4 19. Nd2 Rxd2 20. Qxd2 Qxf3 21.
Qd7+ Kf8 22. Rc7 Qxe4 23. f3 Qe3+ 24. Kg2 Kg7 25. Rxc6 Nxc6 26. Qxc6 Rb8 27. Rf2
c3 28. Rc2 Rb2 29. Rxb2 cxb2 30. Qb5 Qd4 31. g4 Kh6 32. h4 Qc3 0-1